000 00449nam a2200169 a 4500
001 2599
005 20140414131844.0
008 050607s19uu xx 00 eng d
020 _a971-08-5074-1
050 _aM 158.1
_bH54 1937
100 _aHill, Napoleon
245 _aThink and grow rich! /
_cNapoleon Hill.
260 _aNew York :
_bHawthorn Books,
_c[n.d.]
300 _a1 v. p. : ill. ; cm.
650 _aInspirational.
999 _c109850
_d109850